| 000 | 00000nam 2200000za 4500 |
| 001 | 9.565781 |
| 003 | CaOODSP |
| 005 | 20251007131613 |
| 007 | cr ||||||||||| |
| 008 | 150406s2008||||onc ||||o f000 0 eng d |
| 040 | |aCaOODSP|beng |
| 043 | |an-cn--- |
| 086 | 1 |aYM32-6/03-30-2E-PDF |
| 100 | 1 |aBarnett, Laura E. |
| 245 | 10|aProstitution in Canada |h[electronic resource] : |binternational obligations, federal law, and provincial and municipal jurisdiction / |cLaura Barnett. |
| 250 | |aRevised 3 October 2008. |
| 260 | |aOttawa : |bParliamentary Information and Research Service, Library of Parliament, |c2008. |
| 300 | |a30 p. |
| 490 | 1 |a[Modular backgrounders]|vPRB 03-30E |
| 500 | |aCover title. |
| 500 | |aIssued also in French under title: La prostitution au Canada : obligations internationales, droit fédéral et compétence provinciale et municipal. |
| 504 | |aIncludes bibliographical references. |
| 590 | |a09-17|b2009-04-24 |
| 690 | 07|aChildren|2gcpds |
| 690 | 07|aFederal government|2gcpds |
| 690 | 07|aInternational law|2gcpds |
| 690 | 07|aLegislation|2gcpds |
| 690 | 07|aLocal government|2gcpds |
| 690 | 07|aProstitution|2gcpds |
| 690 | 07|aWomen|2gcpds |
| 690 | 07|aProvincial governments|2gcpds |
| 710 | 1 |aCanada. |bParliamentary Information and Research Service. |
| 775 | 08|tLa prostitution au Canada |w(CaOODSP)9.597283 |
| 795 | |tProstitution in Canada |w(CaOODSP)9.564076 |
| 830 | #0|a[Modular backgrounders]|vPRB 03-30E|w(CaOODSP)9.504922 |
| 856 | 40|ahttp://publications.gc.ca|qPDF|s221 KB|uhttps://publications.gc.ca/collections/collection_2009/bdp-lop/prb/prb0330-2e.pdf|yPRB 03-30E |